[Event "Aragon-ch Seniors-B"]
[Site "Zaragoza"]
[Date "2017.06.03"]
[Round "7"]
[White "Codina Escudero, Juan"]
[Black "Serra Casas, Jaime"]
[Result "0-1"]
[WhiteElo "1347"]
[BlackElo "1465"]
[PlyCount "92"]
[EventDate "2017.04.22"]
[EventType "swiss"]
[EventRounds "8"]
[EventCountry "ESP"]
[SourceTitle "EXT 2019"]
[Source "ChessBase"]
[SourceDate "2018.10.10"]
[SourceVersion "1"]
[SourceVersionDate "2018.10.10"]
[SourceQuality "1"]

1. d4 d5 2. c4 e6 3. a3 c5 4. cxd5 exd5 5. dxc5 Bxc5 6. e3 Nf6 7. b4 Bb6 8. h3 0-0 9. Bd3 Nc6 10. Nf3 Re8 11. 0-0 Bc7 12. Bb2 Ne5 13. Nc3 Nxd3 14. Qxd3 h6 15. Rac1 Be6 16. Nb5 Bb6 17. Bxf6 Qxf6 18. Qc3 Qg6 19. Kh1 Rac8 20. Qe5 Rc2 21. Rxc2 Qxc2 22. Qc3 Qg6 23. Nfd4 Bd7 24. Qd2 a6 25. Nc3 Bc6 26. b5 axb5 27. Ncxb5 Bd7 28. f4 Rc8 29. Nc3 Ba5 30. Rc1 b5 31. Qb2 Qd3 32. Nxd5 Rxc1+ 33. Qxc1 Bd2 34. Qd1 Be6 35. Nxe6 fxe6 36. Nc7 Qxe3 37. Nxe6 Ba5 38. f5 Bb6 39. Qa1 Qg3 40. Nd4 Qf4 41. Nxb5 Qxf5 42. Nd6 Qf4 43. Qa2+ Kh7 44. Qe6 Qf1+ 45. Kh2 Bg1+ 46. Kh1 Bf2+ 0-1

[Event "Aragon-ch Seniors-B"]
[Site "Zaragoza"]
[Date "2017.05.06"]
[Round "3"]
[White "Lorente Latorre, Antonio"]
[Black "Serra Casas, Jaime"]
[Result "1-0"]
[WhiteElo "1609"]
[BlackElo "1465"]
[PlyCount "109"]
[EventDate "2017.04.22"]
[EventType "swiss"]
[EventRounds "8"]
[EventCountry "ESP"]
[SourceTitle "EXT 2019"]
[Source "ChessBase"]
[SourceDate "2018.10.10"]
[SourceVersion "1"]
[SourceVersionDate "2018.10.10"]
[SourceQuality "1"]

1. e4 e6 2. d4 d5 3. Nd2 c5 4. Ngf3 a6 5. c3 Nc6 6. g3 Nf6 7. e5 Ne4 8. Bg2 Ng5 9. 0-0 h6 10. Nxg5 Qxg5 11. Nf3 Qd8 12. Be3 c4 13. Ne1 b5 14. f4 a5 15. Bh3 Ne7 16. Nf3 Nf5 17. Qe2 Be7 18. Bf2 g5 19. fxg5 hxg5 20. Bg4 Nh6 21. h3 Nf5 22. Nh2 Kd7 23. Be3 Kc6 24. b3 Ra7 25. Bf2 Nh6 26. Qd1 Qg8 27. bxc4 Nxg4 28. cxb5+ Kb6 29. Qxg4 Qg6 30. c4 Kb7 31. c5 a4 32. b6 Ra8 33. Rab1 Bd7 34. Rfc1 Bc6 35. Rb2 f5 36. exf6 Qxf6 37. Re2 Rh6 38. Rce1 Rf8 39. Be3 Qg6 40. Nf3 Qf5 41. Qxf5 Rxf5 42. Kg2 Bb5 43. Rf2 Bd3 44. g4 Rf8 45. Ne5 Be4+ 46. Kg3 Rfh8 47. Rh2 R8h7 48. Rf1 Bf6 49. c6+ Kxb6 50. Nd7+ Rxd7 51. cxd7 Kc7 52. Rhf2 Be7 53. Rf7 Bd6+ 54. Kf2 Rxh3 55. Rc1+ 1-0